00890nam a22002417a 4500003000500000005001700005008004100022010001000063011001000073035001000083040000900093082001700102100003900119245010000158260005700258300001000315500014700325500004600472650003600518650002800554650003400582710003200616CHAP20220817043408.0971013s1991 r 00010 d a74322 a75294 a84854 cCHAP a631.7063bS500aTortolero Villaseñor, Alejandro. aHaciendas, pueblos y gobierno porfiristab: los conflictos por el agua en la región de Chalco aZinacantepec, Méx. :bEl Colegio Mexiquense,c1991 a21 h. aArtículo aparecido en : Simposio sobre Sistemas Hidráulicos, Modernización de la Agricultura y Migración (1991 : Zinacantepec, Méx.) aEncuadernado con otros impresos similares14aAguaxAbastecimientoxHistoria.14aIrrigaciónxHistoria.14aIrrigaciónxMéxico (Edo.)0 aUniversidad Iberoamericana.